000 00322nam a22001337a 4500
008 180131b xxu||||| |||| 00| 0 eng d
020 _a9790060440847
041 _aeng
080 _23 ED
_a54
100 _a12
101 _aKIM
245 _aMECHANISM AND THEORY IN ORGANIC CHEMISTRY
_cTHOMAS.H.L
942 _2udc
_cBK
999 _c41407
_d41407